Catálogo

Gestión de recursos laborales, formativos y análisis de puestos de trabajo para la inserción sociolaboral de personas con discapacidad / (Registro nro. 331)

Detalles MARC
000 -LEADER
fixed length control field 01273cam a2200313 i 4500
001 - CONTROL NUMBER
control field 331
003 - CONTROL NUMBER IDENTIFIER
control field Mx-PuUPA
005 - DATE AND TIME OF LATEST TRANSACTION
control field 20260211185944.0
008 - FIXED-LENGTH DATA ELEMENTS--GENERAL INFORMATION
fixed length control field 140415s2015 sp gr 000 0 spa d
017 ## - COPYRIGHT OR LEGAL DEPOSIT NUMBER
Copyright or legal deposit number M-3188-2015
020 ## - INTERNATIONAL STANDARD BOOK NUMBER
International Standard Book Number 9788428397902
040 ## - CATALOGING SOURCE
Original cataloging agency Mx-PuUPA
Language of cataloging spa
Transcribing agency Mx-PuUPA
Modifying agency Mx-PuUPA
Description conventions rda
041 0# - LANGUAGE CODE
Language code of text/sound track or separate title spa
100 1# - MAIN ENTRY--PERSONAL NAME
Personal name Alba Galván, Cristina de,
9 (RLIN) 17757
Relator term ator
245 10 - TITLE STATEMENT
Title Gestión de recursos laborales, formativos y análisis de puestos de trabajo para la inserción sociolaboral de personas con discapacidad /
Statement of responsibility, etc. Cristina de Alba Galván
264 #3 - PRODUCTION, PUBLICATION, DISTRIBUTION, MANUFACTURE, AND COPYRIGHT NOTICE
Place of production, publication, distribution, manufacture España :
Name of producer, publisher, distributor, manufacturer Ediciones Paraninfo,
Date of production, publication, distribution, manufacture, or copyright notice ©2015
300 ## - PHYSICAL DESCRIPTION
Extent xiii, 135 páginas :
Other physical details diagramas, tablas,
Dimensions 24 cm
336 ## - CONTENT TYPE
Fuente rdacontent
Content type term texto
Content type code txt
337 ## - MEDIA TYPE
Source rdamedia
Media type term sin medio
Media type code n
338 ## - CARRIER TYPE
Source rdacarrier
Carrier type term volumen
Carrier type code nc
500 ## - GENERAL NOTE
General note "Certificado de profesionalidad SSCG0109 Inserción laboral de personas con discapacidad". -- Cubierta
650 #7 - SUBJECT ADDED ENTRY--TOPICAL TERM
Source of heading or term armarc
Topical term or geographic name entry element Personas con discapacidad
650 #7 - SUBJECT ADDED ENTRY--TOPICAL TERM
Source of heading or term armarc
Topical term or geographic name entry element Manuales de formación
650 #7 - SUBJECT ADDED ENTRY--TOPICAL TERM
Source of heading or term armarc
Topical term or geographic name entry element Educación de personas con discapacidad
General subdivision Orientación profesional
650 #7 - SUBJECT ADDED ENTRY--TOPICAL TERM
Source of heading or term armarc
Topical term or geographic name entry element Exámenes, test, etc
General subdivision Puestos de trabajo
942 ## - ADDED ENTRY ELEMENTS (KOHA)
Source of classification or shelving scheme Dewey Decimal Classification
Koha item type Libro
Classification part 305.908071
Item part A32
Existencias
Withdrawn status Lost status Source of classification or shelving scheme Damaged status Not for loan Collection code Home library Current library Shelving location Date acquired Total Checkouts Full call number Barcode Date last seen Price effective from Koha item type
    Dewey Decimal Classification     General Tehuacán Tehuacán Sala general 11/02/2026   305.908071 A32 2015 968000003019 03/03/2026 11/02/2026 Libro